000 00571nam a22002057a 4500
999 _c7994
_d7994
003 OSt
005 20220822123142.0
008 220822b ||||| |||| 00| 0 eng d
020 _a9780521676304
040 _c NLM
082 _aQY25 C415d 2009
100 _a Cheesbrough, Monica.
_9884
245 _aDistrict Laboratory Practice in Tropical Countries (Part 1)
250 _a2nd ed.
260 _a Madrid;
_bCambridge University Press:
_c 2009
300 _a435p.;
_c27cm.
504 _aIndex included.
650 _a Laboratory Practice .
_9896
942 _2z
_cBOOK